| 000 | 00487nam a2200157 i 4500 | ||
|---|---|---|---|
| 001 | 86005 | ||
| 003 | ES-MaACL | ||
| 007 | t| | ||
| 008 | 041203s1962 ag ||||1| spa d | ||
| 100 | 1 |
_aKennan, George F. _967835 |
|
| 245 | 1 | 0 |
_aRusia y occidente bajo Lenin y Stalin / _cGeorge F. Kennan ; [traducción, León Mirlas]. |
| 260 |
_aBuenos Aires : _bEdiciones Selectas, _c[1962] |
||
| 300 |
_a347 p. ; _c20 cm. |
||
| 700 | 1 |
_aMirlas, León. _981594 |
|
| 852 |
_aES-MaACL _jL-6409 _bR.106491 |
||
| 999 |
_c86005 _d86005 |
||